| 000 | 01042cam a2200325 i 4500 | ||
|---|---|---|---|
| 999 |
_c200452825 _d71037 |
||
| 003 | TR-AnTOB | ||
| 005 | 20230418113145.0 | ||
| 007 | ta | ||
| 008 | 040901t20012001tu a 001 0 tur d | ||
| 020 | _a975172712X | ||
| 020 | _a9789751727121 | ||
| 040 |
_aTR-AnTOB _beng _erda _cTR-AnTOB _dTR-AnTOB |
||
| 041 | 0 | _atur | |
| 050 | 1 | 4 |
_aSB411.5.T9 _bB39 2001 |
| 090 |
_aSB411.5.T9 _bB39 2001 |
||
| 100 | 1 |
_aBaytop, Turhan _eauthor _915405 |
|
| 245 | 1 | 0 |
_aTürkiye'de eski bahçe gülleri / _cProf. Turhan Baytop. |
| 250 | _aBirinci Baskı | ||
| 264 | 1 |
_aAnkara : _bKültür Bakanlığı, _c2001. |
|
| 264 | 4 | _c©2001 | |
| 300 |
_axv, 149 pages : _billustrations ; _c24 cm |
||
| 336 |
_atext _btxt _2rdacontent |
||
| 337 |
_aunmediated _bn _2rdamedia |
||
| 338 |
_avolume _bnc _2rdacarrier |
||
| 490 | 0 |
_aKültür Bakanlığı yayınları ; _v2593 _aYayımlar Dairesi Başkanlığı sanat eserleri dizisi ; _v319 |
|
| 504 | _aBIBINDX | ||
| 650 | 7 |
_aEski güller _zTürkiye _2etuturkob _9141564 |
|
| 942 |
_2lcc _cBK |
||